[Event "MAESTRO OSCAR PANNO  II"]
[Site "SchemingMind.com"]
[Date "2013.12.24"]
[Round "-"]
[White "jjb091"]
[Black "Whitetiger"]
[Result "0-1"]
[WhiteCountry "USA"]
[BlackCountry "ENG"]
[WhiteElo "1767"]
[WhiteRD "78"]
[BlackElo "2147"]
[BlackRD "115"]
[GameID "344097"]

1. e4 c5 2. Nf3 Nc6 3. d4 cxd4 4. Nxd4 Nf6 5. Nc3 e5 6. Ndb5 d6 7. Bg5 a6 8. Na3 b5 9. Nd5 Be7 10. Bxf6 Bxf6
11. c3 O-O 12. Nc2 Bg5 13. a4 bxa4 14. Rxa4 a5 15. Bc4 Rb8 16. Ra2 Kh8 17. Nce3 Bxe3 18. Nxe3 Ne7 19. O-O f5 20. exf5 Nxf5
21. Nxf5 Bxf5 22. Qd2 Qc7 23. Bd5 Bd7 24. Rfa1 a4 25. c4 Qc5 26. Ra3 h6 27. Rd3 Rf4 28. g3 Rf6 29. Rc1 Rbf8 30. Rc2 Bf5
31. b4 axb3 32. Rxb3 Bxc2 33. Qxc2 Rxf2
0-1

[Event "MAESTRO OSCAR PANNO  II"]
[Site "SchemingMind.com"]
[Date "2013.12.25"]
[Round "-"]
[White "senorquinn"]
[Black "Whitetiger"]
[Result "0-1"]
[WhiteCountry "CAN"]
[BlackCountry "ENG"]
[WhiteElo "1849"]
[WhiteRD "118"]
[BlackElo "2147"]
[BlackRD "115"]
[GameID "344098"]

1. d4 Nf6 2. c4 c5 3. d5 b5 4. Nf3 Bb7 5. Qc2 bxc4 6. e4 e6 7. Bxc4 exd5 8. exd5 Qe7+ 9. Kd1 Qd6 10. Nc3 Nxd5
11. Bd2 Nb6 12. Re1+ Be7 13. Bd3 Bxf3+ 14. gxf3 Nc6 15. Ne4 Qd5 16. Nxc5 Nd4 17. Qc3 Rc8 18. Be3 Ne6
0-1

[Event "MAESTRO OSCAR PANNO  II"]
[Site "SchemingMind.com"]
[Date "2013.12.23"]
[Round "-"]
[White "emvarela"]
[Black "Whitetiger"]
[Result "0-1"]
[WhiteCountry "ARG"]
[BlackCountry "ENG"]
[WhiteElo "1674"]
[WhiteRD "46"]
[BlackElo "2167"]
[BlackRD "114"]
[GameID "344099"]

1. e4 c6 2. d4 d5 3. Nc3 dxe4 4. Nxe4 Bf5 5. Ng3 Bg6 6. h4 h6 7. Nf3 Nd7 8. h5 Bh7 9. Bd3 Bxd3 10. Qxd3 e6
11. Bf4 Qa5+ 12. c3 Ngf6 13. Ne5 Nxe5 14. Bxe5 O-O-O 15. Bxf6 gxf6 16. Ne4 f5 17. Nd2 Qd5 18. f3 c5 19. O-O-O Qxa2 20. Rh4 Be7
21. Rf4 Rhg8 22. g4 Bg5
0-1

[Event "MAESTRO OSCAR PANNO  II"]
[Site "SchemingMind.com"]
[Date "2013.12.23"]
[Round "-"]
[White "Scooter"]
[Black "Whitetiger"]
[Result "0-1"]
[WhiteCountry "USA"]
[BlackCountry "ENG"]
[WhiteElo "1674"]
[WhiteRD "49"]
[BlackElo "2116"]
[BlackRD "119"]
[GameID "344100"]

1. d4 Nf6 2. Nf3 c5 3. c3 e6 4. Bg5 d5 5. e3 Nc6 6. Bb5 Qb6 7. Bxc6+ bxc6 8. Qb3 Ba6 9. Nbd2 Nd7 10. Qxb6 axb6
11. Bf4 f6 12. b3 cxd4 13. exd4 Kf7 14. c4 c5 15. dxc5 Bxc5 16. O-O e5 17. Bg3 e4 18. Ne1 e3 19. Ndf3 e2
0-1

[Event "MAESTRO OSCAR PANNO  II"]
[Site "SchemingMind.com"]
[Date "2013.12.23"]
[Round "-"]
[White "kenneth m day"]
[Black "Whitetiger"]
[Result "0-1"]
[WhiteCountry "USA"]
[BlackCountry "ENG"]
[WhiteElo "1764"]
[WhiteRD "48"]
[BlackElo "2116"]
[BlackRD "119"]
[GameID "344101"]

1. e4 c6 2. c4 d5 3. cxd5 cxd5 4. exd5 Nf6 5. Nc3 Nxd5 6. d4 Nc6 7. Bc4 Be6 8. Qb3 Nxd4 9. Qd1 Nxc3 10. bxc3 Bxc4
11. Qxd4 Qxd4 12. cxd4 e6 13. Bd2 Ba3 14. Nf3 O-O 15. Rb1 Rfc8 16. Bc3 Bxa2 17. Rxb7 Rxc3 18. Kd2 Rac8 19. Rxa7 Bb4
0-1

[Event "MAESTRO OSCAR PANNO  II"]
[Site "SchemingMind.com"]
[Date "2013.12.23"]
[Round "-"]
[White "berns"]
[Black "Whitetiger"]
[Result "0-1"]
[WhiteCountry "ENG"]
[BlackCountry "ENG"]
[WhiteElo "1564"]
[WhiteRD "75"]
[BlackElo "2116"]
[BlackRD "119"]
[GameID "344102"]

1. d4 Nf6 2. c4 c5 3. d5 b5 4. e3 Bb7 5. cxb5 Bxd5 6. Nc3 Bb7 7. Nf3 d5 8. Be2 Nbd7 9. b3 e5 10. Nd2 d4
11. exd4 cxd4 12. Na4 Bxg2 13. Rg1 Bb7 14. Nc4 Ne4 15. Bf3 Qh4 16. Bxe4 Bxe4 17. Qg4 Qxh2 18. Ke2 f5 19. Qg3 Qh5+ 20. f3 d3+
21. Kf2 Be7 22. Qxg7 Qxf3+
0-1

[Event "MAESTRO OSCAR PANNO  II"]
[Site "SchemingMind.com"]
[Date "2013.12.23"]
[Round "-"]
[White "Simon Green"]
[Black "Whitetiger"]
[Result "0-1"]
[WhiteCountry "ENG"]
[BlackCountry "ENG"]
[WhiteElo "1587"]
[WhiteRD "53"]
[BlackElo "2116"]
[BlackRD "119"]
[GameID "344103"]

1. d4 Nf6 2. e3 g6 3. Bd3 Bg7 4. f4 c5 5. c3 O-O 6. Nf3 d5 7. O-O Nc6 8. Qe1 Qc7 9. Ne5 Ne4 10. Nd2 Nd6
11. Ndf3 Nd8 12. Bd2 c4 13. Bc2 f6 14. Bxg6 hxg6 15. Nxg6 Re8 16. Qg3 Qb6 17. b4 cxb3 18. axb3 Qxb3 19. h4 Ne4 20. Qe1 Bf5
21. h5 Bg4 22. Qh4 Bxf3 23. h6 Be2 24. hxg7 Kxg7 25. f5 Bxf1 26. Nf4 Rg8 27. Qg4+ Kf8 28. Qd1 Qxd1 29. Rxd1 Bc4 30. Ne6+ Kf7
31. Nxd8+ Raxd8 32. Be1 Rg5 33. Bh4 Rh5 34. g3 Rg8 35. Kg2 Rxh4 36. Kf3 Rxg3#
0-1

[Event "MAESTRO OSCAR PANNO  II"]
[Site "SchemingMind.com"]
[Date "2013.12.23"]
[Round "-"]
[White "Sully7"]
[Black "Whitetiger"]
[Result "0-1"]
[WhiteCountry "IRL"]
[BlackCountry "ENG"]
[WhiteElo "1948"]
[WhiteRD "70"]
[BlackElo "2116"]
[BlackRD "119"]
[GameID "344104"]

1. e4 c5 2. Nc3 Nc6 3. Nf3 g6 4. Bc4 Bg7 5. O-O d6 6. d3 Nf6 7. Bg5 a6 8. a4 h6 9. Bd2 e6 10. Re1 b6
11. Bf4 O-O 12. h3 Bb7 13. Qd2 g5 14. Bh2 Rc8 15. Ne2 Qd7 16. c3 Rfd8 17. Bb3 Ne5 18. Qe3 Nxf3+ 19. Qxf3 d5 20. Bc2 dxe4
21. dxe4 Qc6 22. Ng3 Rd2 23. Re2 Rcd8 24. Qe3 Rxe2 25. Qxe2 c4 26. Rd1 Rxd1+ 27. Qxd1 Qd7 28. Qxd7 Nxd7 29. Nh5 Bf8 30. f3 Bc5+
31. Kf1 Kf8 32. Bg1 Bxg1 33. Kxg1 Bc6 34. Kf2 a5 35. Ke3 Nc5 36. Nf6 Bxa4 37. Bxa4 Nxa4 38. Kd2 Nxb2 39. Nd7+ Ke7 40. Nxb6 a4
41. Kc2 Nd3 42. Nxa4 Ne1+ 43. Kd1 Nxg2 44. Nb6 Nf4 45. Nxc4 Nxh3 46. Ke2 h5 47. Ne3 Nf4+ 48. Kf2 f6 49. Ng2 Nxg2 50. Kxg2 Kd6
51. Kg3 Kc5
0-1